[Event "Erfurt op Amateurs 29th"]
[Site "Erfurt"]
[Date "2019.12.27"]
[Round "2"]
[White "Held, Gerd"]
[Black "Schneiderheinze, Roland"]
[Result "1/2-1/2"]
[WhiteElo "1456"]
[BlackElo "1666"]
[PlyCount "54"]
[EventDate "2019.12.27"]
[EventType "swiss"]
[EventRounds "7"]
[EventCountry "GER"]
[SourceTitle "EXT 2021"]
[Source "ChessBase"]
[SourceDate "2020.10.23"]
[SourceVersion "1"]
[SourceVersionDate "2020.10.23"]
[SourceQuality "1"]

1. c4 e5 2. g3 Nf6 3. Nc3 Bc5 4. Bg2 c6 5. a3 a6 6. b4 Ba7 7. Bb2 d6 8. Nf3 Be6 9. d3 Ng4 10. 0-0 Qb6 11. Ne4 Qd8 12. c5 dxc5 13. Nxc5 Bxc5 14. bxc5 Nd7 15. Rc1 Qc7 16. Qd2 h6 17. h3 Ngf6 18. a4 Rd8 19. Qc3 Nd5 20. Qe1 0-0 21. e4 Ne7 22. Nd2 Qa5 23. Nb1 Qxe1 24. Rfxe1 Bb3 25. a5 f6 26. Nd2 Be6 27. Rc3 Rf7 1/2-1/2

[Event "Heusenstamm Sparkassen op-B 3rd"]
[Site "Heusenstamm"]
[Date "2016.11.27"]
[Round "2"]
[White "Pessotschinski, Eduard"]
[Black "Held, Gerd"]
[Result "0-1"]
[WhiteElo "1139"]
[BlackElo "1464"]
[PlyCount "88"]
[EventDate "2016.11.27"]
[EventType "swiss"]
[EventRounds "7"]
[EventCountry "GER"]
[SourceTitle "EXT 2018"]
[Source "ChessBase"]
[SourceDate "2017.10.13"]
[SourceVersion "1"]
[SourceVersionDate "2017.10.13"]
[SourceQuality "1"]

1. e4 c5 2. Nf3 g6 3. Bc4 Bg7 4. Nc3 d6 5. d4 cxd4 6. Nxd4 a6 7. a4 Bd7 8. Qf3 e6 9. Be3 Nc6 10. 0-0-0 Ne5 11. Qe2 Nxc4 12. Qxc4 Rc8 13. Qb4 Qc7 14. Nde2 Ke7 15. Bb6 Qb8 16. f4 Rc6 17. e5 Nh6 18. exd6+ Ke8 19. Bc7 Qa7 20. Ne4 Nf5 21. Rd3 Ne3 22. c3 Nd5 23. Qb3 Nxc7 24. dxc7 Rxc7 25. Nd6+ Ke7 26. Qb4 Qc5 27. Qxc5 Rxc5 28. Nxb7 Rc6 29. Rhd1 Rc7 30. Nd6 Rb8 31. Nxf7 Bxa4 32. Nd6 Bxd1 33. Rxd1 Rd7 34. Ne4 Rxd1+ 35. Kxd1 Rxb2 36. Nc5 a5 37. Na4 Ra2 38. Nc5 a4 39. Nd4 Bxd4 40. cxd4 Rxg2 41. Nxa4 Rxh2 42. Nc5 Kd6 43. Ne4+ Kd5 44. Nd2 Rf2 0-1

[Event "Wiesbaden op 27th"]
[Site "Wiesbaden"]
[Date "2015.08.30"]
[Round "6"]
[White "Held, Gerd"]
[Black "Bayer, Melissa"]
[Result "0-1"]
[WhiteElo "1450"]
[BlackElo "1108"]
[PlyCount "78"]
[EventDate "2015.08.27"]
[EventType "swiss"]
[EventRounds "7"]
[EventCountry "GER"]
[SourceTitle "EXT 2016"]
[Source "ChessBase"]
[SourceDate "2015.10.08"]
[SourceVersion "1"]
[SourceVersionDate "2015.10.08"]
[SourceQuality "1"]

1. c4 e6 2. g3 d5 3. Bg2 Nf6 4. cxd5 exd5 5. Nf3 c6 6. 0-0 Bf5 7. d3 Bd6 8. a3 0-0 9. b4 Re8 10. Bb2 h6 11. Nbd2 Bg6 12. Nh4 Bh7 13. Nb3 Re6 14. Nd4 Re8 15. Qd2 Be5 16. Rae1 Bxd4 17. Bxd4 Nbd7 18. f4 b6 19. Rc1 Rc8 20. Bh3 Rc7 21. Qb2 Re7 22. Bxd7 Rexd7 23. Nf3 Qe7 24. Ne5 Rd6 25. Rc2 Qe8 26. Rfc1 Bf5 27. a4 Bd7 28. Nxd7 Qxd7 29. Be5 Qh3 30. Bxd6 Ng4 31. e4 Rc8 32. Rxc6 Rxc6 33. Rxc6 dxe4 34. dxe4 Ne3 35. Qf2 Ng4 36. Qg2 Qh5 37. e5 Ne3 38. Qd2 Qf3 39. Rc3 Qf1# 0-1

[Event "Main Vogelsberg op 10th"]
[Site "Hanau"]
[Date "2015.05.23"]
[Round "2"]
[White "Buese, Ralf"]
[Black "Held, Gerd"]
[Result "1-0"]
[WhiteElo "1767"]
[BlackElo "1381"]
[PlyCount "39"]
[EventDate "2015.05.22"]
[EventType "swiss"]
[EventRounds "7"]
[EventCountry "GER"]
[SourceTitle "EXT 2016"]
[Source "ChessBase"]
[SourceDate "2015.10.08"]
[SourceVersion "1"]
[SourceVersionDate "2015.10.08"]
[SourceQuality "1"]

1. d4 c5 2. c3 cxd4 3. cxd4 g6 4. e4 Bg7 5. Be3 Nf6 6. f3 0-0 7. Nc3 b6 8. Qd2 Re8 9. e5 Nh5 10. g4 Nf6 11. 0-0-0 Bb7 12. exf6 Bxf6 13. Kb1 Nc6 14. Ne4 Bg7 15. Ne2 a5 16. N2c3 Nb4 17. Bh6 Bh8 18. h4 Nc6 19. d5 Bxc3 20. Qxc3 1-0

[Event "Heusenstamm Schloss op 1st"]
[Site "Heusenstamm"]
[Date "2014.11.22"]
[Round "5"]
[White "Held, Gerd"]
[Black "Haftmann, Rainer"]
[Result "0-1"]
[WhiteElo "1454"]
[BlackElo "1884"]
[PlyCount "90"]
[EventDate "2014.11.20"]
[EventType "swiss"]
[EventRounds "7"]
[EventCountry "GER"]
[SourceTitle "CBM 163 Extra"]
[Source "ChessBase"]
[SourceDate "2014.12.23"]
[SourceVersion "1"]
[SourceVersionDate "2014.12.23"]
[SourceQuality "1"]

1. c4 Nf6 2. g3 e6 3. Bg2 d5 4. cxd5 exd5 5. Nf3 c6 6. 0-0 Bd6 7. Nc3 0-0 8. a3 Bf5 9. d3 Re8 10. Rb1 h6 11. b4 a6 12. Bb2 Nbd7 13. Re1 Bc7 14. Qd2 Nf8 15. Nd4 Bh7 16. Nd1 Qd7 17. Nb3 Be5 18. Nc5 Qc7 19. Bxe5 Rxe5 20. f3 Rae8 21. e4 dxe4 22. dxe4 N8d7 23. Nxd7 Nxd7 24. Nf2 Nf8 25. Rbd1 f5 26. f4 R5e7 27. e5 Rd7 28. Qc3 Rxd1 29. Rxd1 Rd8 30. Rd4 Qb6 31. Qc4+ Kh8 32. Rxd8 Qxd8 33. Nd3 Bg8 34. Qc3 Ne6 35. Nc5 Qd1+ 36. Kf2 Nd4 37. Qd3 Qa1 38. Qd2 Nb3 39. Nxb3 Bxb3 40. Qd7 Qxa3 41. Qc8+ Bg8 42. Qxb7 Qb2+ 43. Kg1 Qd4+ 44. Kf1 Bc4+ 45. Ke1 Qe3+ 0-1

[Event "Wiesbaden op 26th"]
[Site "Wiesbaden"]
[Date "2014.08.30"]
[Round "5"]
[White "Kunisch, Nina"]
[Black "Held, Gerd"]
[Result "1/2-1/2"]
[WhiteElo "1249"]
[BlackElo "1288"]
[PlyCount "103"]
[EventDate "2014.08.28"]
[EventType "swiss"]
[EventRounds "7"]
[EventCountry "GER"]
[SourceTitle "CBM 162 Extra"]
[Source "ChessBase"]
[SourceDate "2014.10.17"]
[SourceVersion "1"]
[SourceVersionDate "2014.10.17"]
[SourceQuality "1"]

1. e4 g6 2. d4 Bg7 3. Nc3 d6 4. Be3 Nf6 5. Nf3 0-0 6. Be2 a6 7. 0-0 b5 8. e5 dxe5 9. Nxe5 Bb7 10. Bf3 Nd5 11. Nxd5 Bxd5 12. Bxd5 Qxd5 13. Qf3 e6 14. Qxd5 exd5 15. Nf3 Nd7 16. Bf4 c6 17. b3 Nb6 18. Rac1 Rfe8 19. Bc7 Nd7 20. c4 Rac8 21. Bd6 Re6 22. Bf4 Nb6 23. cxb5 axb5 24. Rfe1 h6 25. Rxe6 fxe6 26. Be5 Bf8 27. Bf4 Nd7 28. Be5 g5 29. Bg3 c5 30. dxc5 Rxc5 31. Re1 Kf7 32. Nd4 e5 33. Nf5 Kg6 34. Ne3 d4 35. Nf1 Kf5 36. Nd2 Rc2 37. Nf3 Bg7 38. Bxe5 Bxe5 39. Rxe5+ Kf4 40. Re1 d3 41. Nd4 Rxa2 42. h3 g4 43. g3+ Kg5 44. Ne6+ Kf6 45. Nf4 gxh3 46. Nxd3 Rd2 47. Nf4 h2+ 48. Kxh2 Rxf2+ 49. Kg1 Rf3 50. Nd5+ Kg5 51. Re3 Rxe3 52. Nxe3 1/2-1/2

[Event "Wiesbaden op 26th"]
[Site "Wiesbaden"]
[Date "2014.08.28"]
[Round "1"]
[White "Ottway, Christopher"]
[Black "Held, Gerd"]
[Result "1-0"]
[WhiteElo "1951"]
[BlackElo "1288"]
[PlyCount "117"]
[EventDate "2014.08.28"]
[EventType "swiss"]
[EventRounds "7"]
[EventCountry "GER"]
[SourceTitle "CBM 162 Extra"]
[Source "ChessBase"]
[SourceDate "2014.10.17"]
[SourceVersion "1"]
[SourceVersionDate "2014.10.17"]
[SourceQuality "1"]

1. c4 g6 2. g3 Bg7 3. Bg2 c5 4. Nc3 Nf6 5. e4 d6 6. Nge2 0-0 7. 0-0 Nc6 8. d3 a6 9. h3 Rb8 10. a4 Nb4 11. Be3 a5 12. d4 b6 13. e5 Ne8 14. dxc5 bxc5 15. Bxc5 Bxe5 16. Ba7 Bb7 17. Bxb8 Bxg2 18. Kxg2 Qxb8 19. Rb1 Nc7 20. Nd4 Bxd4 21. Qxd4 Ne6 22. Qd2 Nc5 23. b3 Ncd3 24. Qe2 Ne5 25. f4 Qb7+ 26. Qe4 Qxe4+ 27. Nxe4 Ned3 28. Rf3 f5 29. Nc3 Nc5 30. Re3 Kf7 31. Rbe1 Re8 32. Nb5 Ne4 33. R1e2 h6 34. g4 Kf8 35. Nc7 Rc8 36. Nb5 Kf7 37. h4 h5 38. g5 d5 39. Nc3 d4 40. Rxe4 fxe4 41. Nxe4 Nd3 42. Kf3 Rb8 43. Nd2 Nc1 44. Re5 Nxb3 45. Ne4 Rd8 46. Rb5 Nc1 47. Rxa5 d3 48. Nd2 Ne2 49. Rd5 Rxd5 50. cxd5 Ke8 51. a5 Kd7 52. Ne4 Nd4+ 53. Ke3 Nf5+ 54. Kxd3 Nxh4 55. Ng3 Kc7 56. Ke4 Kb7 57. Nxh5 gxh5 58. f5 Ka6 59. g6 1-0

[Event "Karl Mala Memorial op-B 17th"]
[Site "Frankfurt"]
[Date "2014.08.02"]
[Round "5"]
[White "Held, Gerd"]
[Black "Peschk, Kathrin"]
[Result "1/2-1/2"]
[WhiteElo "1304"]
[BlackElo "1311"]
[PlyCount "92"]
[EventDate "2014.07.31"]
[EventType "swiss"]
[EventRounds "7"]
[EventCountry "GER"]
[SourceTitle "EXT 2015"]
[Source "ChessBase"]
[SourceDate "2014.11.20"]
[SourceVersion "1"]
[SourceVersionDate "2014.11.20"]
[SourceQuality "1"]

1. c4 e5 2. g3 Nc6 3. Nc3 f5 4. d3 Nf6 5. Bg2 g6 6. a3 Bg7 7. Nf3 d6 8. Rb1 Bd7 9. 0-0 0-0 10. Qc2 Qc8 11. h3 Re8 12. Re1 Nd4 13. Nxd4 exd4 14. Nd5 Nxd5 15. Bxd5+ Be6 16. Bxe6+ Qxe6 17. Kh2 b6 18. a4 c5 19. b3 Rab8 20. Bf4 Be5 21. Qd2 Bxf4 22. Qxf4 Qe5 23. Qf3 Qe6 24. e3 Qf6 25. e4 Re5 26. Re2 Rbe8 27. Rbe1 Qe6 28. Qf4 Qf6 29. h4 Qe6 30. f3 Rf8 31. Qd2 Qf6 32. Kg2 f4 33. Qxf4 Qxf4 34. gxf4 Rxf4 35. Kg3 Rf8 36. f4 Ree8 37. Rh1 Kg7 38. h5 Kf6 39. Rf2 g5 40. fxg5+ Kxg5 41. Rf3 Rxf3+ 42. Kxf3 Rf8+ 43. Kg3 Rf4 44. Rh2 Rg4+ 45. Kf3 Rf4+ 46. Kg3 Rg4+ 1/2-1/2

[Event "Rhein Main op-B 17th"]
[Site "Bad Homburg"]
[Date "2014.06.20"]
[Round "4"]
[White "Zannoni, Rudolf"]
[Black "Held, Gerd"]
[Result "0-1"]
[WhiteElo "1564"]
[BlackElo "1315"]
[PlyCount "68"]
[EventDate "2014.06.18"]
[EventType "swiss"]
[EventRounds "9"]
[EventCountry "GER"]
[SourceTitle "CBM 161 Extra"]
[Source "ChessBase"]
[SourceDate "2014.08.29"]
[SourceVersion "1"]
[SourceVersionDate "2014.08.29"]
[SourceQuality "1"]

1. e4 g6 2. g3 Bg7 3. Bg2 c5 4. Nc3 d6 5. d3 Nc6 6. Be3 Nf6 7. h3 a6 8. Qd2 0-0 9. Bh6 Nd4 10. Bxg7 Kxg7 11. Nd1 Nc6 12. Ne2 e5 13. g4 b5 14. Ng3 Be6 15. Ne3 Ra7 16. g5 Nd7 17. h4 f6 18. Nd5 fxg5 19. hxg5 Ne7 20. 0-0-0 Bxd5 21. exd5 Rf4 22. Ne4 Nf5 23. f3 Nb6 24. Nf6 Kh8 25. Rh3 Rh4 26. Rdh1 Rxh3 27. Rxh3 Rf7 28. Qa5 Ne3 29. Bh1 Nexd5 30. Nxd5 Qxg5+ 31. Qd2 Qg1+ 32. Qd1 Qxd1+ 33. Kxd1 Nxd5 34. Ke2 Nf4+ 0-1

[Event "Rhein Main op-B 17th"]
[Site "Bad Homburg"]
[Date "2014.06.19"]
[Round "3"]
[White "Held, Gerd"]
[Black "Held, Maurice"]
[Result "1/2-1/2"]
[WhiteElo "1315"]
[BlackElo "1585"]
[PlyCount "91"]
[EventDate "2014.06.18"]
[EventType "swiss"]
[EventRounds "9"]
[EventCountry "GER"]
[SourceTitle "CBM 161 Extra"]
[Source "ChessBase"]
[SourceDate "2014.08.29"]
[SourceVersion "1"]
[SourceVersionDate "2014.08.29"]
[SourceQuality "1"]

1. c4 g6 2. Nc3 Bg7 3. Nf3 c5 4. e3 Nc6 5. Be2 Nf6 6. 0-0 d6 7. d3 Bd7 8. a3 a6 9. d4 cxd4 10. exd4 Rc8 11. b4 0-0 12. Bb2 Na7 13. h3 b5 14. c5 dxc5 15. dxc5 Nc6 16. Qc2 Bf5 17. Qd1 Qxd1 18. Raxd1 Rfd8 19. Nh4 Bc2 20. Rxd8+ Rxd8 21. Nb1 Bxb1 22. Rxb1 Rd2 23. Kf1 Nd5 24. Bxg7 Kxg7 25. Rd1 Rxd1+ 26. Bxd1 e6 27. Nf3 f5 28. Bb3 Kf6 29. Ke1 h5 30. g3 g5 31. Kd2 g4 32. hxg4 hxg4 33. Bxd5 exd5 34. Ne1 Ke5 35. Nd3+ Ke4 36. Nf4 Kd4 37. Ne6+ Kc4 38. Kc2 d4 39. Nf4 a5 40. Nd3 a4 41. Nf4 Ne5 42. Ne6 d3+ 43. Kd1 Kc3 44. Nc7 d2 45. Nxb5+ Kb3 46. Nd6 1/2-1/2